000 00472cam a22001457a 4500
008 180718b2013 xxu||||| |||| 00| 0 eng d
020 _a9788121202077
082 _aB264x51 C472
245 _aChina and imperialism : during the nineteenth century
_cedited by D.N. Gupta
260 _aNew Delhi
_bGyan
_c2013
300 _a212p.
650 _aChina -- History -- 20th century -- Biography
650 _aChina -- History -- 19th century -- Biography
700 _aGupta, D.N.
999 _c444154
_d444154